Quizzes
Events
Quiz Creation
Community
Videos
Private Events
Remove Ads
Sign In
Join for FREE
Feedback
Dark Mode
Quiz Categories
Sports
Geography
Music
Movies
Television
Just For Fun
Miscellaneous
History
Literature
Language
Science
Gaming
Entertainment
Religion
Holiday
For Kids
Quiz Lab
Recent
Popular Today
Quiz Kudos Today
Editor Picks
Curator Picks
Quizzes by...
Day
Popularity
Type
Ratings
Length
Year
Community
Subscriptions
Recent Discussions
Orange Saloon
Badges
Playlists
Quests
Create
Leaderboards
Showdown
Live 5
Trivia Bingo
Activity
Puzzle Library
Sporcle Events
Private Events
Virtual Trivia
Globe League
Become a Host
Pub Owners
SporcleCon
Opinionation
Our Games
Videos
Blog
Mobile Apps
Partnerships
Remove Ads and Go Orange
Feedback
Music
Pop Music
The Beatles
Song
Album
Lyrics
Bands
Singers
Artist
Clip
Rock
Rap
Classical
Billboard
Country Music
Kpop
Taylor Swift
Music
Pop Music
The Beatles
Song
Album
Lyrics
Bands
Singers
Artist
Clip
Rock
Rap
Classical
Billboard
Country Music
Kpop
Taylor Swift
Random Quiz
Search Sporcle
×
Quiz Lab
Quiz Lab
Music
Song
Type in answers that appear in a list
Type in answers that appear in a list
Classic
Best Score? Go Orange.
Abba's Chiquitita Stats
Can you name the lyrics to Abba's Chiquitita?
By
nat22cat
10m
214 Questions
1,535 Plays
1,535 Plays
1,535 Plays
Comments
Comments
Give Quiz Kudos
Give Quiz Kudos
-
- Ratings
hide this ad
Replay
Link that replays current quiz
Next Quiz
Link to next quiz in quiz playlist
You Got
0%
They Got
Avg Score
82%
Avg Friend Score
Upgrade to see
Score Distribution
Jump to the score distribution portion of the page
Score
0/214
Timer
10:00
0
Plays Today
Answer
% Correct
I
99.3%
I
99.3%
I
99.3%
I
99.3%
I
99.3%
I
99.3%
I
99.3%
Chiquitita
99.2%
Chiquitita
99.2%
Chiquitita
99.2%
Chiquitita
99.2%
Chiquitita
99.2%
Chiquitita
99.2%
Chiquitita
99.2%
me
98.5%
me
98.5%
me
98.5%
me
98.5%
you
98.3%
you
98.3%
you
98.3%
you
98.3%
You
98.3%
you
98.3%
You
98.3%
you
98.3%
you
98.3%
you
98.3%
you
98.3%
you
98.3%
you
98.3%
tell
97.7%
tell
97.7%
tell
97.7%
a
97.7%
a
97.7%
a
97.7%
a
97.7%
a
97.7%
the
96.8%
the
96.8%
the
96.8%
the
96.8%
the
96.8%
the
96.8%
the
96.8%
the
96.8%
the
96.8%
wrong
96.4%
what's
96.3%
so
95.2%
so
95.2%
So
95.2%
so
95.2%
so
95.2%
your
94.6%
your
94.6%
Your
94.6%
your
94.6%
and
94%
and
94%
and
94%
and
94%
and
94%
and
94%
and
94%
and
94%
can
93%
can
93%
can
93%
can
93%
can
93%
Answer
% Correct
can
93%
see
92.9%
see
92.9%
see
92.9%
see
92.9%
is
92.7%
is
92.7%
is
92.7%
is
92.7%
is
92.7%
to
92.4%
to
92.4%
on
92.2%
on
92.2%
be
91.6%
no
91.2%
no
91.2%
truth
91.2%
no
91.2%
truth
91.2%
no
91.2%
In
90.3%
in
90.3%
we
89.6%
it
89.3%
it
89.3%
it
89.3%
it
89.3%
like
89.2%
like
89.2%
like
89.2%
there
88.8%
There
88.8%
There
88.8%
for
86.8%
for
86.8%
know
86.7%
cry
86.6%
cry
86.6%
that
86.4%
that
86.4%
You're
86.2%
you're
86.2%
you're
86.2%
sorrow
85.8%
this
85.8%
eyes
84.2%
How
83%
hate
83%
How
83%
way
83%
way
83%
deny
82.3%
deny
82.3%
I'm
82.2%
I'm
82.2%
tomorrow
81.8%
one
81.7%
sad
81.4%
sad
81.4%
once
80.9%
once
80.9%
once
80.9%
shoulder
79.7%
rely
79%
friend
78.4%
were
78.4%
song
78.4%
song
78.4%
of
78.3%
hope
77.8%
hope
77.8%
Answer
% Correct
have
77.7%
sing
77.6%
Sing
77.6%
Sing
77.6%
best
76.9%
did
76.9%
did
76.9%
more
76.2%
more
76.2%
before
76%
before
76%
new
75.9%
new
75.9%
must
75.6%
will
75.5%
will
75.5%
always
75.4%
Now
74.8%
hear
74.7%
quiet
74.3%
quiet
74.3%
own
73.5%
yourself
73.5%
again
73.5%
sun
73%
sure
73%
up
72.5%
go
72.5%
time
72.4%
shining
72.3%
broken
71.7%
oh
71.7%
oh
71.7%
above
71.2%
sky
70.6%
you've
70.5%
together
70.4%
they
68.1%
by
68.1%
but
67.8%
You'll
67.6%
dancing
67.6%
pain
66.8%
end
66.1%
Let
65.4%
come
65.3%
leaving
64%
Try
63.7%
feather
63%
patch
62.9%
still
59.5%
heartaches
56.3%
down
56%
scars
54.2%
grieving
54.1%
they're
54%
enchained
53.1%
All
53.1%
came
51%
walls
48.8%
tumbling
48.6%
too
40.1%
seems
37.1%
out
36.6%
gone
36.6%
hard
35.7%
love's
32.2%
handle
30.5%
candle
29.1%
blown
28.4%
Quiz Playlist
Details
Report
Send in Message
Add To Playlist
Classic:
Type in answers that appear in a list
Last Updated: Apr 30, 2017
Quiz Scoreboard
CHALLENGE
Sign Up to Join the Scoreboard
Show All
Scores
Hide
Comments
May contain spoilers
Recently Published
Presidents Visiting Landmarks
by Hejman
History
7m
An Introduction to Baseball
by treessimontrees
Sports
5m
Movies - When Are They Set?
by FPL_Elf
Movies
5m
More to Explore
Quiz From the Vault
Featured Blog Post
Where Did the Easter Bunny Come From?
hide this ad
You Might Also Like...
Tags
Lyrics Quiz
Song Quiz
ABBA
Figure Out the Lyrics
Today's Top Quizzes in Music
Browse Music
hide this ad
Today's Top Quizzes in Song
Browse Song
Top Contributed Quizzes in Music
1
Taylor Swift All Songs (2024)
2
Guess the Artist- 70s Songs
3
One Thing in Common: Music
4
KPOP LOGIC QUIZ
5
2010s Album by Cover III
6
Taylor Swift Logic Puzzle
7
Guess the Taylor Swift song (Mystery Song)
8
7-to-1: Billboard Hot 100 #1 Hits of 2010s
9
2010s Album by Cover IV
10
2010s Album by Cover V
Explore More
Trending Topics
Anime
Crossword
Disney
Harry Potter
Marvel
NBA
Kpop
Country
Soccer
WWE
NFL
Song
Pokémon
The Office
Puzzle
hide this ad
More By:
nat22cat
Quiz
Plays
Rating
Category
Featured
Created
Taylor Swift's Wildest Dreams
35,255
4.58
Music
Nov 13, 2014
'I Knew You Were Trouble' Lyrics
34,046
4.84
Music
Oct 10, 2012
Taylor Swift's Red By Opening Lyrics
8,785
4.30
Music
Oct 22, 2012
Taylor Swift's All Too Well
7,319
2.71
Music
Oct 28, 2012
Taylor Swift's Tim Mcgraw lyrics
4,995
3.56
Music
Aug 15, 2011
Go to Creator's Profile
Score Distribution
Quiz Creator Spotlight
nat22cat
Follow
Send a Message
Quizzes Created
-
Created Quiz Play Count
-
More By This Creator
Popular Quizzes Today
1
Find the Countries of Europe - No Outlines Minefield
2
Find the US States - No Outlines Minefield
3
The Countries of the World
4
Popular People in 1961
5
Find the US States
6
US States
7
1-10 Letter E Words III
8
Risky Map Clicking: Biggest States A-Z
More Music Quizzes
Weird Al Song by Lyric
Curator's Pick
Trending Quizzes
Risky Map Clicking: Least Populous States A-Z
1-10 Letter F Words
1-10 Letter G Words
One Thing in Common: United Kingdom
Risky Map Clicking: Next State Alphabetically
Recently Updated
Leaping Animals
pecheneg
Reality TV Shows (A-Z)
bhenderson79
Rickey Henderson's Hall of Fame Teammates
pecheneg
Champions League XIs: Arsenal
pecheneg
Quick Pick: Celebrities in WWE's Hall of Fame
aduchscher
A-Z Keypad Blitz II
pecheneg
Multiple Oscar Actors
pecheneg
Mystery Phrase Blitz: Oscar 'Best Actors'
pecheneg
F. Scott Fitzgerald Novels
LTH
Pick 3 Villains
ddd62291
Trending Topics
Anime
Crossword
Disney
NBA
Harry Potter
Kpop
Marvel
NFL
The Office
Pokémon
Soccer
Puzzle
WWE
Song
Country
Your Account Isn't Verified!
In order to create a playlist on Sporcle, you need to verify the email address you used during registration. Go to your
Sporcle Settings
to finish the process.
Report this User
Report this user for behavior that violates our
Community Guidelines
.
Details:
Send Report
Go to the Sporcle.com Mobile Site →
Comments